[Event "NRW Class1 1718"]
[Site "Germany"]
[Date "2018.04.08"]
[Round "8.4"]
[White "Simon, Hans Christian"]
[Black "Berndt, Axel"]
[Result "1/2-1/2"]
[WhiteElo "2141"]
[BlackElo "2151"]
[PlyCount "40"]
[EventDate "2017.09.17"]
[EventType "team-tourn"]
[EventRounds "9"]
[EventCountry "GER"]
[SourceTitle "EXT 2019"]
[Source "ChessBase"]
[SourceDate "2018.10.10"]
[SourceVersion "1"]
[SourceVersionDate "2018.10.10"]
[SourceQuality "1"]
[WhiteTeam "Bielefeld"]
[BlackTeam "Duesseldorf II"]
[WhiteTeamCountry "GER"]
[BlackTeamCountry "GER"]

1. Nf3 Nf6 2. c4 c5 3. Nc3 b6 4. g3 Bb7 5. Bg2 e6 6. 0-0 a6 7. d4 cxd4 8. Qxd4 Qc7 9. Rd1 d6 10. Ng5 Bxg2 11. Kxg2 Be7 12. Nge4 Qc6 13. f3 Nxe4 14. Qxe4 0-0 15. Bf4 Rd8 16. Nd5 Bf8 17. Nxb6 Qxb6 18. Qxa8 Nc6 19. Be3 Qxe3 20. Qxc6 Qxe2+ 1/2-1/2

[Event "NRW Class1 1314"]
[Site "Germany"]
[Date "2014.04.06"]
[Round "8.3"]
[White "Simon, Hans Christian"]
[Black "Villwock, Martin"]
[Result "1/2-1/2"]
[WhiteElo "2143"]
[BlackElo "2183"]
[PlyCount "101"]
[EventDate "2013.09.15"]
[EventType "team-tourn"]
[EventRounds "9"]
[EventCountry "GER"]
[SourceTitle "EXT 2015"]
[Source "ChessBase"]
[SourceDate "2014.11.20"]
[SourceVersion "1"]
[SourceVersionDate "2014.11.20"]
[SourceQuality "1"]
[WhiteTeam "Bielefeld"]
[BlackTeam "Katernberg II"]
[WhiteTeamCountry "GER"]
[BlackTeamCountry "GER"]

1. Nf3 c5 2. c4 Nc6 3. Nc3 e5 4. e3 Nf6 5. a3 d5 6. cxd5 Nxd5 7. Qc2 Be7 8. Bb5 f6 9. 0-0 Be6 10. d4 0-0 11. dxe5 Qe8 12. Nxd5 Bxd5 13. Bc4 Qf7 14. Bxd5 Qxd5 15. e4 Qe6 16. exf6 Bxf6 17. Qxc5 Qxe4 18. Ng5 Qg6 19. Be3 Rae8 20. Qd5+ Kh8 21. Ne6 Qf7 22. Nf4 Bxb2 23. Ra2 Be5 24. Qxf7 Rxf7 25. Nd3 Bxh2+ 26. Kxh2 Rxe3 27. Nb4 Rc3 28. Nxc6 bxc6 29. Rd1 h6 30. Rd8+ Kh7 31. Rc8 Rf5 32. f3 a5 33. a4 Rfc5 34. Rc7 Rc2 35. Rxc2 Rxc2 36. Ra7 Rc5 37. Kg3 Kg6 38. Kf4 Rc4+ 39. Ke5 Rxa4 40. Ra6 Rc4 41. Rxa5 h5 42. g3 h4 43. gxh4 Rxh4 44. Ra7 Rc4 45. Rc7 Kh6 46. f4 g6 47. Rf7 Kh5 48. Rh7+ Kg4 49. Rg7 Rxf4 50. Rxg6+ Kf3 51. Rxc6 1/2-1/2

[Event "NRW Class1 1112"]
[Site "Germany"]
[Date "2012.02.05"]
[Round "6.5"]
[White "Simon, Hans Christian"]
[Black "Bruchmann, Norbert"]
[Result "1-0"]
[WhiteElo "2151"]
[BlackElo "2042"]
[PlyCount "109"]
[EventDate "2011.09.18"]
[EventType "team-tourn"]
[EventRounds "9"]
[EventCountry "GER"]
[SourceTitle "EXT 2015"]
[Source "ChessBase"]
[SourceDate "2014.11.20"]
[SourceVersion "1"]
[SourceVersionDate "2014.11.20"]
[SourceQuality "1"]
[WhiteTeam "Bielefeld"]
[BlackTeam "Ennepe Ruhr Sued"]
[WhiteTeamCountry "GER"]
[BlackTeamCountry "GER"]

1. Nf3 d5 2. g3 c6 3. Bg2 Nf6 4. c4 h6 5. 0-0 dxc4 6. Na3 Be6 7. Qc2 Qd5 8. Ne1 Qe5 9. d3 cxd3 10. Nxd3 Qc7 11. Nc5 Bc8 12. Nc4 e5 13. b4 Bxc5 14. bxc5 0-0 15. Rb1 Be6 16. Nd6 b6 17. Nb5 Qc8 18. Ba3 cxb5 19. Bxa8 Na6 20. Bg2 b4 21. Bxb4 Bf5 22. e4 Nxb4 23. Rxb4 bxc5 24. Rc4 Be6 25. Rxc5 Qb8 26. Rb1 Qd6 27. Rd1 Qb8 28. h3 Nd7 29. Rc7 Nb6 30. Bf1 Bxa2 31. Ra1 Bb3 32. Qc3 a5 33. Rxa5 Na4 34. Qxe5 Qb4 35. Rb5 Qa3 36. Rc3 Nxc3 37. Qxc3 Qe7 38. Rxb3 Qxe4 39. Bg2 Qa4 40. Rb1 Qa2 41. Qb2 Qe6 42. Qb3 Qf5 43. Rd1 Re8 44. h4 Qf6 45. Bd5 Re7 46. Qf3 Qb6 47. h5 Qc7 48. Ra1 Qe5 49. Ra8+ Kh7 50. Rf8 Qe1+ 51. Kg2 Re5 52. Qd3+ g6 53. Rxf7+ Kh8 54. hxg6 Qa5 55. Rh7# 1-0

[Event "NRW Class2 1011"]
[Site "Germany"]
[Date "2010.12.19"]
[Round "4.6"]
[White "Noetzel, Frank"]
[Black "Simon, Hans Christian"]
[Result "1/2-1/2"]
[WhiteElo "2269"]
[BlackElo "2205"]
[PlyCount "39"]
[EventDate "2010.09.26"]
[EventType "team-tourn"]
[EventRounds "9"]
[EventCountry "GER"]
[SourceTitle "EXT 2012"]
[Source "ChessBase"]
[SourceDate "2011.11.24"]
[SourceVersion "1"]
[SourceVersionDate "2011.11.24"]
[SourceQuality "1"]
[WhiteTeam "Elberfeld"]
[BlackTeam "Bielefeld"]
[WhiteTeamCountry "GER"]
[BlackTeamCountry "GER"]

1. d4 Nf6 2. Bg5 e6 3. Nd2 c5 4. e3 Be7 5. c3 cxd4 6. exd4 b6 7. Ngf3 Bb7 8. Bd3 d6 9. 0-0 Nbd7 10. Re1 0-0 11. a4 a6 12. h3 Re8 13. Qe2 Nf8 14. Bxf6 Bxf6 15. Be4 Qc7 16. Bxb7 Qxb7 17. Nc4 Be7 18. Qd3 Nd7 19. Ne3 b5 20. Re2 1/2-1/2

[Event "Lippe Cup-A 07th"]
[Site "Lieme"]
[Date "2010.10.16"]
[Round "3"]
[White "Buddensiek, Uwe"]
[Black "Simon, Hans Christian"]
[Result "1/2-1/2"]
[WhiteElo "2204"]
[BlackElo "2205"]
[PlyCount "22"]
[EventDate "2010.10.15"]
[EventType "swiss"]
[EventRounds "5"]
[EventCountry "GER"]
[SourceTitle "CBM 138 Extra"]
[Source "ChessBase"]
[SourceDate "2010.10.29"]
[SourceVersion "1"]
[SourceVersionDate "2010.10.29"]
[SourceQuality "1"]

1. d4 f5 2. h4 Nf6 3. Nh3 d6 4. c3 e5 5. dxe5 dxe5 6. Bg5 Qxd1+ 7. Kxd1 Nbd7 8. Nd2 Be7 9. e3 h6 10. Bxf6 Nxf6 11. Bb5+ Kf7 1/2-1/2

[Event "Lippe Cup-A 07th"]
[Site "Lieme"]
[Date "2010.10.15"]
[Round "1"]
[White "Blanke, Manon"]
[Black "Simon, Hans Christian"]
[Result "0-1"]
[WhiteElo "1908"]
[BlackElo "2205"]
[PlyCount "86"]
[EventDate "2010.10.15"]
[EventType "swiss"]
[EventRounds "5"]
[EventCountry "GER"]
[SourceTitle "CBM 138 Extra"]
[Source "ChessBase"]
[SourceDate "2010.10.29"]
[SourceVersion "1"]
[SourceVersionDate "2010.10.29"]
[SourceQuality "1"]

1. d4 f5 2. c4 Nf6 3. Bg5 Ne4 4. Bd2 e6 5. g3 Qf6 6. e3 c5 7. Bc3 Nc6 8. d5 Ne5 9. Nf3 Bd6 10. Be2 0-0 11. 0-0 b6 12. dxe6 dxe6 13. Qc2 Nxc3 14. Nxc3 Bb7 15. Rfd1 Rad8 16. Nd2 Qh6 17. f4 Ng4 18. Bxg4 fxg4 19. Nde4 Qg6 20. Rac1 Be7 21. a4 h6 22. Nf2 Rxd1+ 23. Nfxd1 Qxc2 24. Rxc2 Rd8 25. Nf2 h5 26. Kf1 g5 27. h3 gxf4 28. exf4 gxh3 29. Nxh3 Rd3 30. Kf2 Rf3+ 31. Ke1 Rxg3 32. Nf2 Bh4 33. Re2 Kf7 34. Kd2 Rf3 35. Nd3 Bf6 36. Ne4 Bxe4 37. Rxe4 h4 38. Re2 h3 39. Rh2 Rg3 40. Ke2 Bd4 41. Rh1 Kg6 42. b3 Kf5 43. Rf1 Bg1 0-1

[Event "Oberliga NRW 0910"]
[Site "Germany"]
[Date "2010.02.21"]
[Round "7.4"]
[White "Rosen, Bernd"]
[Black "Simon, Hans Christian"]
[Result "1-0"]
[WhiteElo "2355"]
[BlackElo "2224"]
[PlyCount "67"]
[EventDate "2009.09.20"]
[EventType "team-tourn"]
[EventRounds "9"]
[EventCountry "GER"]
[SourceTitle "EXT 2011"]
[Source "ChessBase"]
[SourceDate "2010.11.26"]
[SourceVersion "1"]
[SourceVersionDate "2010.11.26"]
[SourceQuality "1"]
[WhiteTeam "Katernberg II"]
[BlackTeam "Bielefeld"]
[WhiteTeamCountry "GER"]
[BlackTeamCountry "GER"]

1. c4 c6 2. Qa4 f5 3. g3 Nf6 4. Bg2 g6 5. Nc3 Bg7 6. Nf3 0-0 7. 0-0 d6 8. d3 Na6 9. Rb1 Nc5 10. Qa3 a5 11. b4 Ne6 12. Bd2 Bd7 13. b5 c5 14. Ne1 Ra7 15. b6 Ra6 16. Bxb7 Rxb6 17. Nc2 Rb4 18. Nd5 Rxb1 19. Rxb1 Nxd5 20. Bxd5 a4 21. Bc3 Bf6 22. Rb7 Kg7 23. Bxf6+ Rxf6 24. Qb2 Qe8 25. Rb8 Nd8 26. Qb6 Rf8 27. Na3 e6 28. Bf3 Qe7 29. Nb5 Nf7 30. Rb7 Rd8 31. Na7 Ne5 32. Nc6 Nxc6 33. Bxc6 Qe8 34. Qxd8 1-0

[Event "NRW Class1 0809"]
[Site "Germany"]
[Date "2009.03.22"]
[Round "8.3"]
[White "Jacoby, Florian"]
[Black "Simon, Hans Christian"]
[Result "1/2-1/2"]
[WhiteElo "2220"]
[BlackElo "2231"]
[PlyCount "34"]
[EventDate "2008.09.21"]
[EventType "team-tourn"]
[EventRounds "9"]
[EventCountry "GER"]
[SourceTitle "EXT 2010"]
[Source "ChessBase"]
[SourceDate "2010.11.25"]
[SourceVersion "1"]
[SourceVersionDate "2010.11.25"]
[SourceQuality "1"]
[WhiteTeam "Brackweda"]
[BlackTeam "Bielefeld"]
[WhiteTeamCountry "GER"]
[BlackTeamCountry "GER"]

1. d4 f5 2. Nf3 Nf6 3. e3 g6 4. Bd3 Bg7 5. 0-0 0-0 6. Nbd2 Nc6 7. c4 d6 8. d5 Nb4 9. Bb1 e5 10. dxe6 Bxe6 11. Nd4 Bf7 12. a3 Nc6 13. Nxc6 bxc6 14. Bd3 c5 15. Rb1 a5 16. b3 Ng4 17. Nf3 Be6 1/2-1/2

[Event "NRW Class1 0809"]
[Site "Germany"]
[Date "2009.02.01"]
[Round "6.4"]
[White "Simon, Hans Christian"]
[Black "Vetter, Herbert"]
[Result "1/2-1/2"]
[WhiteElo "2231"]
[BlackElo "2268"]
[PlyCount "34"]
[EventDate "2008.09.21"]
[EventType "team-tourn"]
[EventRounds "9"]
[EventCountry "GER"]
[SourceTitle "EXT 2010"]
[Source "ChessBase"]
[SourceDate "2010.11.25"]
[SourceVersion "1"]
[SourceVersionDate "2010.11.25"]
[SourceQuality "1"]
[WhiteTeam "Bielefeld"]
[BlackTeam "Monheim"]
[WhiteTeamCountry "GER"]
[BlackTeamCountry "GER"]

1. Nf3 Nc6 2. d4 d5 3. g3 g6 4. Bg2 Bg7 5. 0-0 Bg4 6. c3 Qd7 7. Nbd2 Bh3 8. e4 Bxg2 9. Kxg2 e6 10. Re1 Nge7 11. b4 a6 12. e5 0-0 13. a4 b6 14. Nf1 h6 15. Ne3 Nf5 16. Qd3 Nxe3+ 17. Bxe3 Ne7 1/2-1/2

[Event "NRW Class1 0809"]
[Site "Germany"]
[Date "2008.11.30"]
[Round "4.2"]
[White "Waldschmidt, Georg"]
[Black "Simon, Hans Christian"]
[Result "1-0"]
[WhiteElo "2231"]
[BlackElo "2231"]
[PlyCount "57"]
[EventDate "2008.09.21"]
[EventType "team-tourn"]
[EventRounds "9"]
[EventCountry "GER"]
[SourceTitle "EXT 2010"]
[Source "ChessBase"]
[SourceDate "2010.11.25"]
[SourceVersion "1"]
[SourceVersionDate "2010.11.25"]
[SourceQuality "1"]
[WhiteTeam "Sodingen"]
[BlackTeam "Bielefeld"]
[WhiteTeamCountry "GER"]
[BlackTeamCountry "GER"]

1. e4 e5 2. Nf3 Nf6 3. Nxe5 d6 4. Nf3 Nxe4 5. d4 d5 6. Bd3 Nc6 7. 0-0 Be7 8. Re1 Bg4 9. c4 Nf6 10. Nc3 Nxd4 11. cxd5 Bxf3 12. gxf3 c5 13. Bb5+ Kf8 14. Bc4 a6 15. a4 Qd7 16. Be3 Nf5 17. Ne4 Nxe3 18. Rxe3 Bd6 19. Nxd6 Qxd6 20. Qb3 b6 21. Rae1 h5 22. Re7 Re8 23. Rxe8+ Nxe8 24. Bxa6 Rh6 25. Qe3 Nc7 26. Bb5 Qd8 27. Bc6 Rd6 28. a5 Nxd5 29. Qe8+ 1-0

[Event "NRW-ch"]
[Site "Muelheim"]
[Date "2006.10.12"]
[Round "6"]
[White "Tuschinske, Matthias"]
[Black "Simon, Hans Christian"]
[Result "0-1"]
[WhiteElo "2126"]
[BlackElo "2220"]
[PlyCount "124"]
[EventDate "2006.10.07"]
[EventType "swiss"]
[EventRounds "7"]
[EventCountry "GER"]
[SourceTitle "CBM 114 Extra"]
[Source "ChessBase"]
[SourceDate "2006.11.03"]
[SourceVersion "1"]
[SourceVersionDate "2006.11.03"]
[SourceQuality "1"]

1. d4 f5 2. g3 Nf6 3. Bg2 g6 4. Nf3 Bg7 5. 0-0 0-0 6. c4 d6 7. Nc3 Qe8 8. Re1 Qf7 9. b3 Ne4 10. Bb2 Nc6 11. Rc1 e5 12. dxe5 dxe5 13. Nxe4 fxe4 14. Ng5 Qxf2+ 15. Kh1 Rd8 16. Qc2 Qe3 17. Nxe4 Bf5 18. Qc3 Bh6 19. Qxe3 Bxe3 20. Rcd1 Bd4 21. Ba3 Kg7 22. Rd3 a5 23. Red1 Ba7 24. Rxd8 Rxd8 25. Rxd8 Nxd8 26. h3 h5 27. Be7 Nc6 28. Bg5 Kf7 29. Nc3 Nd4 30. Kh2 c6 31. Bd8 Nc2 32. Bxa5 Bd4 33. Ne4 Ke6 34. Bd2 Ne3 35. Ng5+ Kf6 36. Nf3 Bc5 37. b4 Ba7 38. c5 Nxg2 39. Kxg2 Bb1 40. a3 Bb8 41. Kf2 Ke6 42. Bc3 Bf5 43. Ng5+ Kd5 44. Ke3 Bc7 45. Be1 Bd8 46. h4 b6 47. cxb6 Bxb6+ 48. Kd2 e4 49. Kc3 Bd4+ 50. Kb3 Bg4 51. a4 Bxe2 52. Nh3 Bc4+ 53. Kc2 Ke6 54. Bc3 Be3 55. Bd2 Bd4 56. Bc3 Ba7 57. Nf4+ Kf5 58. Ng2 Kg4 59. Be5 Bf2 60. Kd2 Ba6 61. Nf4 e3+ 62. Kd1 Bxg3 0-1

[Event "NRW-ch"]
[Site "Muelheim"]
[Date "2006.10.10"]
[Round "4"]
[White "Simon, Hans Christian"]
[Black "Gohla, Ulf"]
[Result "1/2-1/2"]
[WhiteElo "2220"]
[BlackElo "2206"]
[PlyCount "46"]
[EventDate "2006.10.07"]
[EventType "swiss"]
[EventRounds "7"]
[EventCountry "GER"]
[SourceTitle "CBM 114 Extra"]
[Source "ChessBase"]
[SourceDate "2006.11.03"]
[SourceVersion "1"]
[SourceVersionDate "2006.11.03"]
[SourceQuality "1"]

1. Nf3 Nc6 2. d4 d5 3. g3 Bg4 4. Bg2 e6 5. 0-0 Bd6 6. Nbd2 Nf6 7. c3 0-0 8. Qb3 Na5 9. Qa4 c6 10. e4 b5 11. Qc2 Nxe4 12. Nxe4 dxe4 13. Qxe4 Bf5 14. Qe2 Bg4 15. b4 Nc4 16. Qe4 Bxf3 17. Bxf3 Rc8 18. a4 a5 19. axb5 cxb5 20. bxa5 Nxa5 21. Qd3 b4 22. cxb4 Bxb4 23. Be3 Nc4 1/2-1/2

[Event "NRW-ch"]
[Site "Hattingen"]
[Date "2005.10.02"]
[Round "2"]
[White "Simon, Hans Christian"]
[Black "Henrichs, Thomas"]
[Result "0-1"]
[WhiteElo "2214"]
[BlackElo "2413"]
[PlyCount "76"]
[EventDate "2005.10.01"]
[EventType "swiss"]
[EventRounds "7"]
[EventCountry "GER"]
[SourceTitle "CBM 108 Extra"]
[Source "ChessBase"]
[SourceDate "2005.11.04"]
[SourceVersion "1"]
[SourceVersionDate "2005.11.04"]
[SourceQuality "1"]

1. Nf3 d5 2. g3 Bg4 3. Bg2 Nd7 4. c4 e6 5. b3 Ngf6 6. Bb2 Be7 7. 0-0 0-0 8. Nc3 c6 9. d4 Bh5 10. Re1 Qa5 11. a3 Qa6 12. c5 b6 13. cxb6 Qxb6 14. Na4 Qb5 15. Rc1 Rab8 16. Nd2 Rfc8 17. h3 a5 18. Qc2 Bg6 19. Qc3 Qa6 20. Qe3 Ne8 21. Nc5 Nxc5 22. dxc5 Qa7 23. f4 Rb5 24. Bd4 Nf6 25. Rc3 Nd7 26. Rec1 Re8 27. Qf2 e5 28. fxe5 Bg5 29. e3 Nxe5 30. Nf3 Bf6 31. Nxe5 Bxe5 32. Re1 Qb8 33. Kh2 Rxb3 34. Rxb3 Qxb3 35. e4 dxe4 36. Bxe4 Bxd4 37. Qxd4 Bxe4 38. Rxe4 Qc2+ 0-1